Kể chuyện mấy nghìn năm giữ nước

में बचाया:
ग्रंथसूची विवरण
मुख्य लेखक: Nguyễn, Nhã
स्वरूप: पुस्तक
भाषा:Undetermined
प्रकाशित: à nội Quân đội Nhân dân 2010
विषय:
टैग : टैग जोड़ें
कोई टैग नहीं, इस रिकॉर्ड को टैग करने वाले पहले व्यक्ति बनें!
Thư viện lưu trữ: Trung tâm Học liệu Trường Đại học Cần Thơ
LEADER 00623nam a2200205Ia 4500
001 CTU_161012
008 210402s9999 xx 000 0 und d
020 |c 29000 
082 |a 959.7 
082 |b Nh100/T.1 
100 |a Nguyễn, Nhã 
245 0 |a Kể chuyện mấy nghìn năm giữ nước 
245 0 |c Nguyễn Nhã, Việt Dũng, Đỗ Chí 
260 |a à nội 
260 |b Quân đội Nhân dân 
260 |c 2010 
650 |a History,Lịch sử 
650 |z Vietnam,Việt Nam 
910 |a Nguyên 
980 |a Trung tâm Học liệu Trường Đại học Cần Thơ